[Event "East Lansing (MI Op/3/31)"]
[Site "?"]
[Date "1995.??.??"]
[Round "?"]
[White "Lehotzky, Attila"]
[Black "DeRyke, S."]
[Result "1-0"]
[WhiteElo "1930"]
[BlackElo "1815"]
[PlyCount "77"]
[EventDate "1995.??.??"]

{3/(31)} 1. Nf3 Nf6 2. d4 g6 3. c4 Bg7 4. Nc3 O-O 5. Bg5 d6 6. Qd2 Re8 7. e4
Nc6 8. h3 e5 9. d5 Ne7 10. Bh6 Bh8 11. g4 c6 12. dxc6 Nxc6 13. Rd1 Nd4 14. Bg2
Qc7 15. b3 Rd8 16. Bg5 Ne6 17. Bxf6 Bxf6 18. Nd5 Qc6 19. Nxf6+ Kg7 20. Nd5 h6
21. O-O Nc5 22. Rfe1 Be6 23. Qc3 f6 24. Nh4 Bf7 25. f4 Rd7 26. Qg3 Bxd5 27.
exd5 Qb6 28. Kh2 Qa5 29. Qf2 Rf8 30. Qc2 f5 31. gxf5 g5 32. Ng6 Rf6 33. fxe5
dxe5 34. Nxe5 Qc7 35. Kh1 Re7 36. Ng4 Rxe1+ 37. Rxe1 Rf7 38. f6+ Kf8 39. Qg6
1-0

[Event "Troy (US Am N/5/7)"]
[Site "?"]
[Date "1995.??.??"]
[Round "?"]
[White "Lees, R."]
[Black "Skidmore, Mike"]
[Result "1-0"]
[WhiteElo "1905"]
[BlackElo "1970"]
[PlyCount "41"]
[EventDate "1995.??.??"]

{5/(7)} 1. Nf3 d5 2. g3 Nf6 3. Bg2 c6 4. O-O e6 5. b3 Bd6 6. Bb2 O-O 7. d4 Nbd7
8. Nbd2 Qc7 9. c4 b6 10. Qc2 Bb7 11. Rfd1 Rac8 12. e4 dxe4 13. Nxe4 Nxe4 14.
Qxe4 Nf6 15. Qc2 Qe7 16. Rd2 c5 17. d5 exd5 18. Re1 Qd8 19. Ng5 h6 20. Bxf6
Qxf6 21. Qh7# 1-0

[Event "Troy (US Am N/4/4)"]
[Site "?"]
[Date "1995.??.??"]
[Round "?"]
[White "Lees, R."]
[Black "Jarosz, Stan"]
[Result "0-1"]
[WhiteElo "1900"]
[BlackElo "2015"]
[PlyCount "62"]
[EventDate "1995.??.??"]

{4/(4)} 1. e4 e6 2. d3 d5 3. Nd2 Nf6 4. Ngf3 c5 5. g3 Nc6 6. Bg2 Be7 7. O-O O-O
8. e5 Nd7 9. Re1 b5 10. h4 a5 11. Nf1 Ba6 12. Bf4 b4 13. Ng5 c4 14. dxc4 Bxc4
15. b3 Bb5 16. Qh5 h6 17. Nh2 hxg5 18. hxg5 g6 19. Qh4 Re8 20. Ng4 Bf8 21. Nf6+
Nxf6 22. gxf6 Nd4 23. Rad1 Nf5 24. Qh3 Qc7 25. Bf3 Qxc2 26. Rd2 Qc3 27. Kg2 Nd4
28. Bd1 Bd3 29. Rxd3 Qxe1 30. Rxd4 Rac8 31. Bd2 Qxe5 0-1

[Event "Troy (US Am N/2/21)"]
[Site "?"]
[Date "1995.??.??"]
[Round "?"]
[White "Lees, R."]
[Black "Aldrich, Justin"]
[Result "1-0"]
[WhiteElo "1900"]
[BlackElo "1605"]
[PlyCount "69"]
[EventDate "1995.??.??"]

{2/(21)} 1. e4 e5 2. Nf3 d6 3. Bc4 Bg4 4. d3 Be7 5. h3 Bh5 6. Nbd2 Nf6 7. O-O
O-O 8. Re1 Nc6 9. c3 Na5 10. Bb5 a6 11. Ba4 b5 12. Bc2 Re8 13. Nf1 h6 14. g4
Bg6 15. Ng3 Nh7 16. Nf5 Bg5 17. Nxg5 Nxg5 18. Kh2 Nc6 19. f4 exf4 20. Bxf4 Ne5
21. Rf1 Bxf5 22. gxf5 d5 23. d4 Nc4 24. e5 f6 25. e6 Re7 26. Rg1 Kh8 27. Bxg5
fxg5 28. Qf3 Qf8 29. b3 Nd6 30. Rae1 Qf6 31. Qxd5 Rf8 32. Ref1 Rd8 33. Qe5
Qxe5+ 34. dxe5 Nb7 35. Rd1 $138 1-0

[Event "East Lansing (Beg/5/13)"]
[Site "?"]
[Date "1995.??.??"]
[Round "?"]
[White "Leaf, J."]
[Black "Wright, S."]
[Result "1-0"]
[WhiteElo "1605"]
[BlackElo "1605"]
[PlyCount "57"]
[EventDate "1995.??.??"]

{5/(13)} 1. e4 b5 2. Nc3 a6 3. a3 Nc6 4. Nf3 Rb8 5. b4 e5 6. Bb2 f6 7. g3 Be7
8. Nd5 Bd6 9. Bh3 Na7 10. O-O c6 11. Nc3 Bb7 12. d3 Nh6 13. Re1 Nf7 14. Kf1 Bc7
15. Kg1 Nc8 16. Qe2 Bb6 17. Nh4 Nh6 18. Nf5 Rf8 19. Nxg7+ Kf7 20. Nf5 Rg8 21.
Nxh6+ Kg7 22. Nxg8 Kxg8 23. Qg4+ Kh8 24. Qxd7 Qf8 25. Kh1 Bxf2 26. Qc7 Bb6 27.
Qxb8 Qd8 28. Qxb7 Qe8 29. Bxc8 {[Remainder illegible; 1-0, 52?]} 1-0

[Event "East Lansing (Beg/1/14)"]
[Site "?"]
[Date "1995.??.??"]
[Round "?"]
[White "Leaf, J."]
[Black "Choate, Eric"]
[Result "1-0"]
[WhiteElo "1605"]
[BlackElo "1605"]
[PlyCount "124"]
[EventDate "1995.??.??"]

{1/(14)} 1. e4 e5 2. Nf3 Nf6 3. Nxe5 Nxe4 4. Qe2 Nf6 5. Nc6+ Be7 6. Nxd8 Kxd8
7. Nc3 Re8 8. Qe5 Bd6 9. Qe2 Rxe2+ 10. Bxe2 Nc6 11. O-O Nb4 12. d3 Nxc2 13. Rb1
a5 14. Bd1 Nd4 15. Re1 b6 16. Be3 Nf5 17. Bg5 Bb7 18. Bg4 Ne7 19. Bxf6 gxf6 20.
Re2 Ng6 21. Rbe1 c6 22. Na4 Kc7 23. Bxd7 Kxd7 24. Nxb6+ Kc7 25. Nxa8+ Bxa8 26.
Rc1 c5 27. d4 Nf4 28. Rec2 Kd7 29. Rd1 Ke7 30. dxc5 Bc7 31. c6 Ne6 32. Rd7+ Kf8
33. Re2 Bxc6 34. Rdd2 Bb5 35. Re1 h5 36. Rc2 a4 37. Rxe6 fxe6 38. Rxc7 f5 39.
Rb7 Bc6 40. Rc7 Be4 41. b4 a3 42. b5 Bd5 43. b6 Ke8 44. b7 Bxb7 45. Rxb7 e5 46.
f3 e4 47. h4 e3 48. Kf1 f4 49. Ra7 Kd8 50. g4 Ke8 51. gxh5 Kf8 52. h6 Kg8 53.
Ke2 Kh8 54. Kd1 Kg8 55. Kc2 Kh8 56. Rf7 Kg8 57. Rxf4 e2 58. Kd2 Kh7 59. Rf6
e1=Q+ 60. Kxe1 Kg8 61. Ke2 Kh7 62. Ke3 Kh8 1-0

[Event "Grand Rapids (MI Am/1/42)"]
[Site "?"]
[Date "1995.??.??"]
[Round "?"]
[White "Laurin, R."]
[Black "McFolley, John"]
[Result "0-1"]
[WhiteElo "1605"]
[BlackElo "1605"]
[PlyCount "48"]
[EventDate "1995.??.??"]

{1/(42)} 1. e4 e5 2. Nf3 d6 3. Bc4 c6 4. Nc3 Nd7 5. d3 Be7 6. d4 exd4 7. Qxd4
Ngf6 8. e5 dxe5 9. Nxe5 O-O 10. Bd3 Bc5 11. Qh4 Nxe5 12. Bg5 Nxd3+ 13. cxd3
Qxd3 14. Bxf6 Re8+ 15. Qe4 Rxe4+ 16. Nxe4 Qxe4+ 17. Kd1 Bg4+ 18. f3 Bxf3+ 19.
gxf3 Qxf3+ 20. Kc2 Qxf6 21. Rad1 Rd8 22. Rde1 Qf5+ 23. Kb3 Rd3+ 24. Kc4 Qd5#
0-1

[Event "Grand Rapids (MI Am/5/40)"]
[Site "?"]
[Date "1995.??.??"]
[Round "?"]
[White "Laurin, Edward"]
[Black "Klein, N."]
[Result "0-1"]
[WhiteElo "1605"]
[BlackElo "1605"]
[PlyCount "108"]
[EventDate "1995.??.??"]

{5/(40)} 1. e4 e5 2. Nf3 Nc6 3. Bc4 Nf6 4. d3 Bc5 5. Bg5 d6 6. O-O h6 7. Bh4
Bg4 8. Bb5 O-O 9. Nc3 Bb4 10. Nd5 Bxf3 11. Qxf3 Nd4 12. Qd1 Nxb5 13. Nxb4 g5
14. Bg3 c6 15. c4 a5 16. Nc2 Nc7 17. Qf3 Re8 18. d4 exd4 19. Nxd4 Rxe4 20. Nf5
h5 21. Bxd6 Rxc4 22. Nh6+ Kg7 23. Nf5+ Kh7 24. Be7 Qh8 25. Bxf6 Qxf6 26. Rfe1
g4 27. Qd3 Rf4 28. Ng3+ Kh6 29. Qd2 b6 30. Re4 Qg5 31. Rxf4 Ne6 32. Rf6+ Kg7
33. Qxg5+ Nxg5 34. Rxc6 Rb8 35. Re1 h4 36. Nf5+ Kf8 37. Rh6 Kg8 38. Ne7+ Kg7
39. Rxh4 Ne6 40. Rxg4+ Kf6 41. Ng8+ Kf5 42. f3 Rd8 43. h4 Rd2 44. h5 Ng5 45.
Ne7+ Kf6 46. Rf4+ Kg7 47. Re5 f6 48. Nf5+ Kf7 49. Nh6+ Kg7 50. Re7+ Kxh6 51.
Rxf6+ Kxh5 52. g4+ Kh4 53. Rh6+ Kg3 54. f4 Rd1+ 0-1

[Event "Lansing (Mini-Swiss.1/2)"]
[Site "?"]
[Date "1995.??.??"]
[Round "?"]
[White "Lastra, R."]
[Black "Garrison, Ray"]
[Result "1-0"]
[WhiteElo "2325"]
[BlackElo "1965"]
[PlyCount "75"]
[EventDate "1995.??.??"]

{1/(2)} 1. e4 e6 2. d4 d5 3. Nc3 Bb4 4. e5 c5 5. a3 Ba5 6. b4 cxd4 7. Nb5 Bc7
8. f4 Nc6 9. Nf3 f6 10. Nbxd4 Nxd4 11. Qxd4 Bb6 12. Qd3 Bd7 13. Be3 Rc8 14. Rc1
Rc4 15. Nd2 Bxe3 16. Qxe3 d4 17. Qg3 Rc3 18. Qxg7 Re3+ 19. Kf2 fxe5 20. Qxh8
Qh4+ 21. g3 Qg4 22. Qxh7 Bc6 23. Bd3 e4 24. Bf1 Nf6 25. Qh3 Rf3+ 26. Kg1 Rxf4
27. Qxg4 Rxg4 28. Bg2 e3 29. Bxc6+ bxc6 30. Nc4 Ne4 31. Kg2 Nf2 32. Rhf1 d3 33.
Nxe3 d2 34. Nxg4 dxc1=Q 35. Nf6+ Ke7 36. Rxc1 Kxf6 37. Kxf2 e5 38. Ke3 1-0

[Event "East Lansing (Class DE/1/1)"]
[Site "?"]
[Date "1995.??.??"]
[Round "?"]
[White "Lane, T."]
[Black "Simmons, P."]
[Result "1-0"]
[WhiteElo "1605"]
[BlackElo "1605"]
[PlyCount "71"]
[EventDate "1995.??.??"]

{1/(1)} 1. e4 d5 2. exd5 Nf6 3. Nf3 Nxd5 4. d4 Bg4 5. Be2 g6 6. c4 Nf6 7. Nc3
e6 8. Bg5 Bg7 9. O-O O-O 10. Qb3 Qc8 11. Rfd1 b6 12. d5 exd5 13. Nxd5 Nxd5 14.
Rxd5 Nd7 15. Rd2 Nf6 16. Qd1 Ne4 17. Rc2 Bxf3 18. Bxf3 Re8 19. Be3 Rb8 20. Bxe4
Rxe4 21. Qf3 Qe6 22. b3 c6 23. Rd1 f5 24. h3 c5 25. Rcd2 Re8 26. Rd8 Kf8 27.
Rxe8+ Kxe8 28. Kf1 Bd4 29. Rd3 Qf6 30. g4 f4 31. Qxe4+ Kd7 32. Bxd4 cxd4 33.
Qxd4+ Ke7 34. Qxf6+ Kxf6 35. Rd5 Ke6 36. f3 1-0

[Event "East Lansing (Class DE/3/6)"]
[Site "?"]
[Date "1995.??.??"]
[Round "?"]
[White "Lane, T."]
[Black "Kyser, Bob"]
[Result "0-1"]
[WhiteElo "1605"]
[BlackElo "1605"]
[PlyCount "66"]
[EventDate "1995.??.??"]

{3/(6)} 1. e4 e5 2. Nf3 Nc6 3. Bc4 Nf6 4. c3 Nxe4 5. O-O Nd6 6. Nxe5 Nxe5 7.
Re1 Be7 8. Bb3 f6 9. Rxe5 fxe5 10. Qh5+ g6 11. Qxe5 Rf8 12. d3 Nf7 13. Qg7 Bf6
14. Qxh7 Qe7 15. Bd2 d6 16. Na3 Be6 17. Bxe6 Qxe6 18. Re1 Be5 19. d4 Rh8 20.
dxe5 Rxh7 21. exd6 Ne5 22. dxc7 Rxc7 23. Nb5 Rd7 24. Nd4 Qd5 25. f4 Re7 26.
Rxe5 Rxe5 27. fxe5 Qxe5 28. a4 Kd7 29. g3 Rf8 30. Bf4 Qe4 31. h4 Qb1+ 32. Kg2
Qxb2+ 33. Kh3 Qxc3 0-1

[Event "East Lansing (Class DE/4/3)"]
[Site "?"]
[Date "1995.??.??"]
[Round "?"]
[White "Lane, T."]
[Black "Gramlich, Allen"]
[Result "0-1"]
[WhiteElo "1605"]
[BlackElo "1605"]
[PlyCount "89"]
[EventDate "1995.??.??"]

{4/(3)} 1. e4 c5 2. Nf3 Nc6 3. d4 cxd4 4. Nxd4 g6 5. Nc3 Bg7 6. Be3 Qb6 7. Ncb5
a6 8. Nxc6 Qxc6 9. Nd4 Qxe4 10. Qd2 Nf6 11. Bd3 Qxg2 12. O-O-O b5 13. h4 Qd5
14. Kb1 Ng4 15. Be2 Ne5 16. Nf5 Qxd2 17. Nxg7+ Kf8 18. Rxd2 Kxg7 19. h5 Bb7 20.
h6+ Kf8 21. Rhd1 Bc6 22. f4 Nc4 23. Bxc4 bxc4 24. Rf2 f5 25. Bd4 Rg8 26. Re1 e6
27. Re3 Kf7 28. Rc3 Bd5 29. Rg3 Rab8 30. Rd2 Rb5 31. c3 Ra5 32. a3 Rb8 33. Ka2
d6 34. Re3 Be4 35. Bg7 Rab5 36. Re1 R8b7 37. Rg1 e5 38. Rf1 Ke6 39. Rff2 exf4
40. Rxf4 g5 41. Rff2 g4 42. Rf4 g3 43. Bd4 Kf7 44. Rh4 d5 45. Be3 0-1

[Event "Troy (US Am N/5/12)"]
[Site "?"]
[Date "1995.??.??"]
[Round "?"]
[White "Landis, M."]
[Black "Hartwig, Thomas"]
[Result "1-0"]
[WhiteElo "1975"]
[BlackElo "1605"]
[PlyCount "57"]
[EventDate "1995.??.??"]

{5/(12)} 1. e4 c5 2. f4 d5 3. exd5 Qxd5 4. Nc3 Qd6 5. d3 Bd7 6. Nf3 Nf6 7. Be2
Qb6 8. a4 Nc6 9. Bd2 Nd4 10. O-O c4 11. Kh1 Ng4 12. Nxd4 cxd3 13. Bxg4 Qxd4 14.
Bxd7+ Qxd7 15. cxd3 Qxd3 16. Qe2 Qxe2 17. Nxe2 O-O-O 18. Bc3 f6 19. Rac1 Kb8
20. Rfd1 Re8 21. Ng3 g6 22. Re1 Bh6 23. Ne2 e5 24. g3 Rhf8 25. Rcd1 exf4 26.
Nxf4 Bxf4 27. gxf4 f5 28. Be5+ Ka8 29. Rd7 1-0

[Event "Troy (US Am N/3/8)"]
[Site "?"]
[Date "1995.??.??"]
[Round "?"]
[White "Landis, M."]
[Black "Bostic, Donald"]
[Result "1/2-1/2"]
[WhiteElo "1975"]
[BlackElo "1740"]
[PlyCount "61"]
[EventDate "1995.??.??"]

{3/(8)} 1. e4 c5 2. f4 e6 3. Nf3 Nc6 4. Bb5 a6 5. Bxc6 bxc6 6. d3 d5 7. e5 Be7
8. O-O Nh6 9. c4 O-O 10. Nc3 Qc7 11. Qe2 Rb8 12. b3 f6 13. Ba3 fxe5 14. Nxe5
Bd6 15. Na4 Rxf4 16. Rxf4 Bxe5 17. Rff1 Bxa1 18. Rxa1 e5 19. Rf1 Bg4 20. Qf2 d4
21. Bxc5 Qf7 22. Qg3 Qg6 23. Qxe5 Re8 24. Qf4 Nf5 25. Nb6 h6 26. Kh1 Re2 27.
Rf2 Re1+ 28. Rf1 Rxf1+ 29. Qxf1 Qh5 30. Qf2 Qg5 31. h3 1/2-1/2

[Event "Troy (US Am N/1/11)"]
[Site "?"]
[Date "1995.??.??"]
[Round "?"]
[White "Landis, M."]
[Black "Bedy, N."]
[Result "1-0"]
[WhiteElo "1975"]
[BlackElo "1605"]
[PlyCount "101"]
[EventDate "1995.??.??"]

{1/(11)} 1. e4 d5 2. exd5 Nf6 3. c4 c6 4. dxc6 Nxc6 5. Nc3 e5 6. Nf3 Bc5 7. h3
O-O 8. d3 h6 9. Be2 Qc7 10. Bd2 Bf5 11. O-O Rfd8 12. a3 e4 13. dxe4 Nxe4 14.
Nxe4 Bxe4 15. Qc1 Qd6 16. Bf4 Qf6 17. b4 Bd6 18. Bg3 Bxf3 19. Bxf3 Be5 20. Bxe5
Nxe5 21. Bxb7 Rab8 22. Bd5 Rbc8 23. b5 Rxd5 24. cxd5 Rxc1 25. Raxc1 Qd6 26.
Rfd1 Qxa3 27. Ra1 Qb3 28. d6 Qxb5 29. Rxa7 Nd7 30. Raa1 f5 31. Re1 Nf6 32. Ra8+
Kh7 33. Re7 Qc6 34. Raa7 Qxd6 35. Rxg7+ Kh8 36. Rgb7 Qe6 37. Re7 Qd6 38. Ra8+
Ng8 39. Ree8 Qg6 40. Rxg8+ Qxg8 41. Rxg8+ Kxg8 42. f4 h5 43. Kf2 Kf7 44. Ke3
Kf6 45. Kd4 Ke6 46. Kc5 h4 47. Kc6 Ke7 48. Kd5 Kf6 49. Kd6 Kf7 50. Ke5 Kg6 51.
Ke6 1-0

[Event "East Lansing (MI Op/4/2)"]
[Site "?"]
[Date "1995.??.??"]
[Round "?"]
[White "LaMar, Frank"]
[Black "Tsemekhman, Vadim"]
[Result "0-1"]
[WhiteElo "2170"]
[BlackElo "2495"]
[PlyCount "52"]
[EventDate "1995.??.??"]

{4/(2)} 1. e4 e6 2. d4 d5 3. Nc3 Bb4 4. a3 Bxc3+ 5. bxc3 Ne7 6. Qg4 O-O 7. e5
f5 8. Qh5 Rf7 9. Bg5 b6 10. Nh3 Ba6 11. Nf4 Qd7 12. Bxa6 Nxa6 13. O-O c5 14.
Rfe1 cxd4 15. cxd4 Rc8 16. Re3 Rxc2 17. Rh3 g6 18. Qh4 Nb8 19. Rg3 Nbc6 20. Nh5
f4 21. Bxe7 fxg3 22. Nf6+ Rxf6 23. exf6 gxf2+ 24. Kh1 Nxe7 25. fxe7 Re2 26. Rf1
Re1 0-1

[Event "Gaylord (NMO/2/11)"]
[Site "?"]
[Date "1995.??.??"]
[Round "?"]
[White "LaMar, Frank"]
[Black "Smeckert, Dennis"]
[Result "1-0"]
[WhiteElo "2170"]
[BlackElo "1605"]
[PlyCount "63"]
[EventDate "1995.??.??"]

{2/(11)} 1. e4 e5 2. Nf3 Nc6 3. d4 exd4 4. c3 h6 5. Bc4 d5 6. Bxd5 dxc3 7. Nxc3
Bd6 8. Qb3 Qe7 9. O-O Nf6 10. Nb5 O-O 11. Nxd6 cxd6 12. Bf4 Be6 13. Rfe1 Rad8
14. Nd2 Ne5 15. Bg3 Bxd5 16. exd5 Nh5 17. f4 Nxg3 18. Qxg3 Qf6 19. fxe5 dxe5
20. Qxe5 Qb6+ 21. Kh1 Rfe8 22. Qxe8+ Rxe8 23. Rxe8+ Kh7 24. Ree1 Qd4 25. d6
Qxd6 26. Rad1 h5 27. Nf3 Qf6 28. b3 h4 29. Rf1 Qf4 30. Rd4 Qe3 31. Re1 Qc3 32.
Rxh4+ 1-0

[Event "East Lansing (MI Op/1b/7)"]
[Site "?"]
[Date "1995.??.??"]
[Round "?"]
[White "LaMar, Frank"]
[Black "Sheridan, Gregory"]
[Result "1-0"]
[WhiteElo "2170"]
[BlackElo "1875"]
[PlyCount "65"]
[EventDate "1995.??.??"]

1. e4 d6 2. d4 Nf6 3. Bd3 g6 4. Nf3 Bg7 5. Nc3 O-O 6. Bg5 c6 7. Qd2 Re8 8.
O-O-O Qa5 9. Bh6 Bh8 10. h3 Nbd7 11. Kb1 b5 12. Qg5 Qb6 13. e5 b4 14. Ne2 Nd5
15. e6 N7f6 16. exf7+ Kxf7 17. Qh4 Nc3+ 18. Nxc3 bxc3 19. b3 Qa5 20. Bg5 Qa3
21. Bc1 Qa5 22. Ng5+ Kg8 23. Rhe1 e5 24. Bc4+ d5 25. dxe5 Nh5 26. g4 dxc4 27.
gxh5 Bf5 28. Qxc4+ Re6 29. Nxe6 Bxc2+ 30. Kxc2 Qxa2+ 31. Kxc3 Qa5+ 32. Kb2
Bxe5+ 33. Nd4+ 1-0

[Event "East Lansing (MI Op/7/2)"]
[Site "?"]
[Date "1995.??.??"]
[Round "?"]
[White "LaMar, Frank"]
[Black "Finegold, Mark"]
[Result "0-1"]
[WhiteElo "2170"]
[BlackElo "2245"]
[PlyCount "56"]
[EventDate "1995.??.??"]

{7/(2)} 1. e4 c5 2. d4 cxd4 3. c3 dxc3 4. Nxc3 Nc6 5. Bc4 d6 6. Nf3 a6 7. O-O
Nf6 8. Qe2 Bg4 9. Rd1 e6 10. h3 Bxf3 11. Qxf3 Be7 12. Bf4 Qb8 13. g4 O-O 14. g5
Nd7 15. Bb3 Nc5 16. Bc2 b5 17. Rac1 b4 18. Na4 e5 19. Be3 Ne6 20. Qg4 Ncd4 21.
f4 Nxc2 22. Rxc2 exf4 23. Bxf4 Qb5 24. b3 Nxf4 25. Qxf4 Bxg5 26. Qxd6 Rad8 27.
Qxd8 Bxd8 28. Rc8 Bb6+ 0-1

[Event "East Lansing (MI Op/3/4)"]
[Site "?"]
[Date "1995.??.??"]
[Round "?"]
[White "LaMar, Frank"]
[Black "Clark, K."]
[Result "1-0"]
[WhiteElo "2170"]
[BlackElo "2055"]
[PlyCount "64"]
[EventDate "1995.??.??"]

{3/(4)} 1. e4 e5 2. d4 exd4 3. Nf3 Bb4+ 4. Bd2 Qe7 5. Bd3 Nc6 6. O-O Bxd2 7.
Qxd2 d6 8. c3 Ne5 9. Nxd4 Nf6 10. Na3 Nxd3 11. Qxd3 O-O 12. f3 Nd7 13. Nf5 Qe5
14. f4 Qc5+ 15. Kh1 Nf6 16. b4 Qb6 17. Nc4 Qa6 18. a4 b6 19. b5 Qb7 20. Ne7+
Kh8 21. Nc6 Bd7 22. e5 Ng8 23. Nd4 dxe5 24. Nxe5 Qd5 25. Rad1 Rad8 26. Qc2 Qc5
27. Ndf3 Nf6 28. Ng5 Qe7 29. Rfe1 Be6 30. Nexf7+ Rxf7 31. Nxf7+ Qxf7 32. Rxd8+
Ng8 1-0

[Event "Gaylord (NMO/4/3)"]
[Site "?"]
[Date "1995.??.??"]
[Round "?"]
[White "LaMar, Frank"]
[Black "Bailey, Greg"]
[Result "1/2-1/2"]
[WhiteElo "2170"]
[BlackElo "2065"]
[PlyCount "142"]
[EventDate "1995.??.??"]

{4/(3)} 1. e4 c6 2. d4 d5 3. Nc3 dxe4 4. Nxe4 Bf5 5. Ng3 Bg6 6. c3 e6 7. Nf3
Bd6 8. Bc4 Nd7 9. Bg5 Qc7 10. Qe2 Ngf6 11. Nh4 O-O-O 12. O-O Kb8 13. a4 Bf4 14.
Nf3 Bxg5 15. Nxg5 Qf4 16. Nh3 Qd6 17. b4 Rhe8 18. b5 c5 19. Rad1 Nd5 20. Qb2
cxd4 21. Rxd4 N7f6 22. a5 Qc5 23. a6 b6 24. Rfd1 e5 25. Rh4 e4 26. Rd4 Nc7 27.
Bf1 Rxd4 28. cxd4 Qe7 29. Nf4 Nfd5 30. Nxg6 hxg6 31. Rxe4 Qd7 32. Rxe8+ Qxe8
33. Bc4 Qe1+ 34. Nf1 Nc3 35. d5 N7xd5 36. Qa3 Qe7 37. Qb3 Qc5 38. h3 f6 39. Nd2
Nf4 40. Bf1 Nfd5 41. Nb1 Ne4 42. Qf3 Nd6 43. Qg3 g5 44. Nd2 Nf4 45. Qf3 Qd5 46.
Qe3 Ne6 47. Nf3 Kc7 48. Bd3 Kd7 49. Nd2 Nf4 50. Be4 Nxe4 51. Qxe4 Qxe4 52. Nxe4
Ne2+ 53. Kf1 Nd4 54. Ke1 Nxb5 55. Ng3 Ke6 56. Kd2 Nc7 57. Kc3 Nxa6 58. Kc4 Nc7
59. Ne2 Kd6 60. Nd4 g6 61. g3 a6 62. f3 Nd5 63. Kb3 Ne3 64. Kc3 Kd5 65. Kd3 Nf5
66. Ne2 b5 67. g4 Nd6 68. Nc3+ Ke5 69. Ne2 Nc4 70. Nc3 Kf4 71. Ne4 f5 {[After
a sudden death time scramble, Black's flag fell, but White hadinsufficie nt
mating material.]} 1/2-1/2

[Event "Flint (MI Senior/1/2)"]
[Site "?"]
[Date "1995.??.??"]
[Round "?"]
[White "LaForge, Tom"]
[Black "Waltz, Glenn"]
[Result "1-0"]
[WhiteElo "1950"]
[BlackElo "1605"]
[PlyCount "51"]
[EventDate "1995.??.??"]

{1/(2)} 1. e4 e5 2. Nf3 Nc6 3. Bb5 Nf6 4. O-O Be7 5. Re1 O-O 6. Bxc6 bxc6 7.
Nxe5 Bb7 8. d4 d5 9. Nc3 Ne8 10. Bf4 f6 11. Nf3 dxe4 12. Nxe4 g5 13. Be3 Ng7
14. h3 Nf5 15. c4 Nxe3 16. Rxe3 f5 17. Nc5 Bxc5 18. dxc5 h6 19. Qb3 Rb8 20. Rd1
Qf6 21. Ne5 Ba8 22. Nd7 Rxb3 23. Nxf6+ Rxf6 24. Rxb3 Rf8 25. Rd7 Rc8 26. Re3
1-0

[Event "Gaylord (NMO/2/5)"]
[Site "?"]
[Date "1995.??.??"]
[Round "?"]
[White "LaForge, Tom"]
[Black "Swartz, J."]
[Result "1-0"]
[WhiteElo "1960"]
[BlackElo "1605"]
[PlyCount "57"]
[EventDate "1995.??.??"]

{2/(5)} 1. e4 c5 2. c3 d6 3. d4 cxd4 4. cxd4 Nf6 5. Nc3 g6 6. Bb5+ Bd7 7. e5
Bxb5 8. exf6 Bd7 9. Nf3 e6 10. O-O Qxf6 11. Re1 Bg7 12. Qb3 O-O 13. Ne4 Qe7 14.
d5 Bc8 15. Bg5 f6 16. Bh4 e5 17. Rac1 Na6 18. h3 g5 19. Nfxg5 fxg5 20. Bxg5 Qf7
21. Rc3 Nc5 22. Rxc5 dxc5 23. Re3 h6 24. Rf3 Qg6 25. Rxf8+ Bxf8 26. Nf6+ Kg7
27. Bh4 b6 28. d6 Bxd6 29. Qg8# 1-0

[Event "Gaylord (NMO/4/1)"]
[Site "?"]
[Date "1995.??.??"]
[Round "?"]
[White "LaForge, Tom"]
[Black "Gabbara, Faris"]
[Result "0-1"]
[WhiteElo "1960"]
[BlackElo "2200"]
[PlyCount "98"]
[EventDate "1995.??.??"]

{4/(1)} 1. e4 e5 2. Bc4 Nf6 3. d3 Nc6 4. Nf3 Bc5 5. Bg5 h6 6. Bh4 d6 7. h3 Qe7
8. Nc3 g5 9. Bg3 Be6 10. Nd5 Bxd5 11. exd5 Nb4 12. Bb5+ Kf8 13. O-O Nbxd5 14.
Re1 Bb4 15. Nd2 c6 16. Ba4 Qd7 17. c3 Bc5 18. Bc2 Re8 19. Ne4 Nxe4 20. dxe4 Nf6
21. Qf3 Kg7 22. Rad1 g4 23. hxg4 Nxg4 24. Rd2 h5 25. Bh4 Rh6 26. Red1 Rg6 27.
b4 Bb6 28. Bb3 Rf8 29. Kh1 Bc7 30. Qh3 f5 31. exf5 Qxf5 32. Bc2 e4 33. f3 d5
34. Bg3 Bxg3 35. Qxg3 Ne3 36. fxe4 Rxg3 37. exf5 Nxd1 38. Bxd1 Rxf5 39. Bf3 Rf4
40. Re2 Kf6 41. Re8 Rc4 42. Rh8 h4 43. Kh2 Rg7 44. Kh3 Rxc3 45. Rxh4 Rc4 46. a4
Rxh4+ 47. Kxh4 Ke5 48. g4 Kf4 49. Bd1 Rh7# 0-1

[Event "Flint (MI Senior/3/1)"]
[Site "?"]
[Date "1995.??.??"]
[Round "?"]
[White "LaForge, Tom"]
[Black "Finegold, Ron"]
[Result "0-1"]
[WhiteElo "1950"]
[BlackElo "2230"]
[PlyCount "114"]
[EventDate "1995.??.??"]

{3/(1)} 1. e4 d5 2. exd5 Qxd5 3. Nc3 Qa5 4. d4 c6 5. Nf3 Nf6 6. Bd2 Qb6 7. Bc4
Bf5 8. O-O e6 9. Re1 Be7 10. Bb3 O-O 11. h3 Na6 12. Nh4 Bg6 13. Nxg6 hxg6 14.
Ne2 Rad8 15. c3 Nc7 16. Qc2 c5 17. Be3 Nfd5 18. dxc5 Bxc5 19. Bxc5 Qxc5 20.
Rad1 Rd6 21. Rd3 Rfd8 22. Red1 Ne7 23. Rxd6 Rxd6 24. Rxd6 Qxd6 25. Qd1 Qxd1+
26. Bxd1 Nc6 27. f4 Kf8 28. Kf2 Ke7 29. g4 e5 30. Bc2 Ne6 31. fxe5 Nxe5 32. Kg3
g5 33. b3 b6 34. Bf5 Nc7 35. Bc2 Nd5 36. Be4 Nf6 37. Bc2 g6 38. Nd4 a6 39. Ne2
Kd6 40. Kf2 Nd5 41. Kg3 a5 42. Be4 b5 43. Kf2 Nc6 44. Bd3 b4 45. c4 Nde7 46.
Ng3 Ke5 47. Ne4 Kf4 48. Nd6 f5 49. gxf5 gxf5 50. Be2 Ne5 51. c5 N7c6 52. Nc4
Nxc4 53. Bxc4 Ke4 54. Kg3 Ne5 55. Kf2 Nxc4 56. bxc4 Ke5 57. Kg3 a4 0-1

[Event "East Lansing (Class DE/4/4)"]
[Site "?"]
[Date "1995.??.??"]
[Round "?"]
[White "Kyser, Bob"]
[Black "Worley, Ron"]
[Result "1-0"]
[WhiteElo "1605"]
[BlackElo "1605"]
[PlyCount "49"]
[EventDate "1995.??.??"]

{4/(4)} 1. d4 Nf6 2. c4 g6 3. Nc3 Bg7 4. e4 d6 5. f3 O-O 6. Be3 Nbd7 7. Bd3 b6
8. Nge2 c5 9. d5 Re8 10. Ng3 Ne5 11. Bc2 Nxc4 12. Bc1 e6 13. b3 Na5 14. Bf4
exd5 15. O-O dxe4 16. fxe4 d5 17. e5 Ne4 18. Nxd5 Nxg3 19. Bxg3 Bxe5 20. Bxe5
Rxe5 21. Nf6+ Qxf6 22. Rxf6 Ba6 23. Qf3 Rc8 24. Rxf7 Nc6 25. Qf6 1-0

[Event "Grand Rapids (MI Am/1/46)"]
[Site "?"]
[Date "1995.??.??"]
[Round "?"]
[White "Kyser, Bob"]
[Black "Williams, Ken"]
[Result "0-1"]
[WhiteElo "1605"]
[BlackElo "1975"]
[PlyCount "62"]
[EventDate "1995.??.??"]

{1/(46)} 1. d4 Nf6 2. c4 c5 3. Nf3 cxd4 4. Nxd4 e5 5. Nf5 d5 6. Qc2 Nc6 7. Bg5
h6 8. cxd5 Nb4 9. Qa4+ Bd7 10. Nxg7+ Bxg7 11. Qxb4 hxg5 12. e4 Qb6 13. Qxb6
axb6 14. Nc3 Bf8 15. Bb5 Bb4 16. Bxd7+ Kxd7 17. h3 Rhc8 18. Kd2 Ne8 19. a3
Bxc3+ 20. bxc3 Rc4 21. g4 Nd6 22. Kd3 b5 23. h4 gxh4 24. Rxh4 Rca4 25. g5 Rxa3
26. Rxa3 Rxa3 27. Rh7 Ke8 28. Rh8+ Ke7 29. Rh7 Kf8 30. Rh6 Nc4 31. Rf6 Ra2 0-1

[Event "East Lansing (MOR/1a/10)"]
[Site "?"]
[Date "1995.??.??"]
[Round "?"]
[White "Kyser, Bob"]
[Black "Walquist, Elaine"]
[Result "0-1"]
[WhiteElo "1605"]
[BlackElo "1710"]
[PlyCount "73"]
[EventDate "1995.??.??"]

1. d4 Nf6 2. c4 e6 3. Nc3 d5 4. e3 c5 5. Nf3 Nc6 6. a3 Bd7 7. cxd5 exd5 8. dxc5
Bxc5 9. Nxd5 Nxd5 10. Qxd5 Qe7 11. b4 Bb6 12. Bd2 Be6 13. Qg5 f6 14. Qb5 Rd8
15. Bc4 O-O 16. Bxe6+ Qxe6 17. Rc1 Kh8 18. O-O Rd5 19. Qc4 Qd6 20. Rfd1 Ne5 21.
Nxe5 fxe5 22. g3 Rxd2 23. Rxd2 Qxd2 24. Rc2 Qd6 25. Kg2 h6 26. Qe4 Qd1 27. Rb2
Qc1 28. Qc2 Bxe3 29. Qxc1 Bxc1 30. Rb3 Bg5 31. h4 Bf6 32. a4 Rc8 33. Kf3 Rc4
34. a5 Kg8 35. b5 Kf7 36. a6 b6 37. Rd3 0-1